| 000 | 00767nam a2200217Ia 4500 | ||
|---|---|---|---|
| 003 | GCL | ||
| 008 | 140319s9999 xx 000 0 ara d | ||
| 040 |
_aGCL / _cGCL |
||
| 082 | 0 | 4 |
_a910.133 _bص ا |
| 100 | 1 | _aصلاح الدين على الشامى | |
| 245 | 1 | 0 |
_aالاستهلاك: ظاهرة بشرية فى الرؤية الجغرافية / _cصلاح الدين على الشامى |
| 260 |
_a[S.N] : _bمنشاة المعارف الاسلامية ، _c1984 |
||
| 300 | _a494 ص | ||
| 490 |
_aالكتب الجغرافية _v0 |
||
| 650 | 0 | 4 | _aالعرض والطلب |
| 650 | 0 | 4 | _aالجغرافيا الاقتصادية |
| 650 | 0 | 4 | _aالجغرافيا البشرية |
| 650 | 0 | 4 | _aالانتاج |
| 650 | 0 | 4 | _aالاستهلاك |
| 942 |
_2ddc _cBK |
||
| 999 |
_c33078 _d33078 |
||